000 00416nam a2200145Ia 4500
008 100122s9999 xx 000 0 und d
082 _b70600
_a294.5
100 _aवर्टीकर मनोहर
245 _aअमृतवाणी
260 _bचैतन्योपासना
_c2006
300 _a193
630 _aअमृतवाणी
730 _aअमृतवाणी
942 _cBOOK
999 _c441453
_d441450